El Medi natural al Prat / Joaquim Ferrer i Lacueva, Eduardo Gascón i Hernández, Ramón Rabella i Pujol, ... [et al]
Descripción Física:
6 v. ; 21'5 cm
Otros Autores:
Ferrer i Lacueva, Joaquim
Materias:
Geografia física -- Prat de Llobregat
MARC
| LEADER | 00000nam a2200000Ia 4500 | ||
|---|---|---|---|
| 001 | 9592, 9591, 9588, 9590, 9589, 9593 | ||
| 008 | 160829s1986 xx 000 0 cat d | ||
| 080 | |a C-1-321, C-1-322, C-1-323, C-1-324, C-1-325, C-1-326 | ||
| 245 | |a El Medi natural al Prat / Joaquim Ferrer i Lacueva, Eduardo Gascón i Hernández, Ramón Rabella i Pujol, ... [et al] | ||
| 260 | |a El Prat de Llobregat : |b Ajuntament, |c 1986 | ||
| 300 | |a 6 v. ; |c 21'5 cm | ||
| 590 | |a Conté: v. 1: Zones humides; v. 2: Les pinedes; v. 3: El riu; v. 4: La platja i el mar; v. 5: Tècniques bàsiques de treball: la zona urbana; v. 5: Els correus i d'altres ambients periurbans | ||
| 650 | |a Geografia física |x Prat de Llobregat |9 37363 | ||
| 700 | |a Ferrer i Lacueva, Joaquim |9 37364 | ||
| 901 | |a Arxiu | ||
| 942 | |n 1 | ||
| 952 | |0 0 |1 0 |4 0 |6 C1321_C1322_C1323_C1324_C1325_C1326 |7 1 |9 47825 |a Arxiu |b Arxiu |d 2016-12-01 |l 0 |o C-1-321, C-1-322, C-1-323, C-1-324, C-1-325, C-1-326 |p 9592, 9591, 9588, 95 |r 2016-12-01 00:00:00 |w 2016-12-01 |y ARXIU | ||
| 999 | |c 51624 |d 51624 | ||